Olaylarla Türk dış politikası (Record no. 1864)

MARC details
000 -BAŞLIK
Sabit Uzunlukta Kontrol Alanı 00839na a2200265 4500
001 - KONTROL NUMARASI
Denetim Alanı 14571
003 - KONTROL NUMARASI IDENTIFIER
Denetim Alanı MIRAKIL
005 - SON İŞLEM TARİHİ VE ZAMANI
Denetim Alanı 20181213154837.0
008 - SABİT-BOY VERİ ELEMANLARI - GENEL BİLGİLER
Sabit Uzunlukta Kontrol Alanı 161025b tu 000 0
035 ## - SİSTEM KONTROL NUMARASI
Sistem Kontrol Numarası 14571
040 ## - KATALOGLAMA KAYNAK
Orijinal Kataloglama Ajansı Milas
Kataloglama Dili tur
Metne Dönüştürmek Ajansı TR-AnCHP
041 ## - DİL KODU
Metin / Ses Parça Veya Ayrı Başlığın Dil Kodu tur
082 ## - DEWEY ONLU SINIFLANDIRMA NUMARASI
Sınıflandırma Numarası 327.1
Ürün Numarası O42 1974
090 ## - SINIFLAMA NUMARASI
Sınıflama Numarası 327.1 O42 1974
245 ## - BAŞLIK TABLOSU
Başlık Olaylarla Türk dış politikası
Başlığın Kalan (1919-1973)
Sorumluluk Tablosu, Vb hazırlayanlar Mehmet Gönlübol... [ve öte.]
250 ## - EDITION TABLOSU
Baskı Beyanı gnşl. 3. bs.
260 ## - YAYIN, DAĞITIM, VB
Yayın, Dağıtım, Vb Yeri Ankara
Yayıncı, Dağıtıcı, Vs Adı A.Ü. Siyasal Bilgiler Fakültesi
Yayın, Dağıtım, Vb Tarihi 1974
300 ## - FİZİKSEL TANIM
Kapsam xvi, 587 s.
Boyutlar 24 sm.
490 ## - SERİSİ TABLOSU
Seri Beyanı Ankara Üniversitesi Siyasal Bilgiler Fakültesi Yayınları
Hacim / Ardışık Tanımı 279
650 ## - KONU KATMA GİRİŞ - TOPİKAL DÖNEM
Topikal Süreli Veya Coğrafi Ad Giriş Elemanı Siyasal tarih
650 ## - KONU KATMA GİRİŞ - TOPİKAL DÖNEM
Topikal Süreli Veya Coğrafi Ad Giriş Elemanı CHP
Genel Alt Bölümü Dış politika
Kronolojik Alt Bölümü 1923-1950
651 ## - KONU KATMA GİRİŞ - COĞRAFİ ADI
Coğrafi İsim Türkiye
Genel Alt Bölümü Siyasal tarih
651 ## - KONU KATMA GİRİŞ - COĞRAFİ ADI
Coğrafi İsim Türkiye
Genel Alt Bölümü Dış politika
Kronolojik Alt Bölümü Tarih
-- 1919-1973
942 ## - EKLENDİ GİRİŞ ELEMANLARI (KOHA)
Sınıflandırma Veya Raf Düzeni Kaynak Dewey Decimal Classification
Koha Öğesi Türü Books
999 ## - SİSTEM KONTROL NUMARALARI (KOHA)
Koha Biblionumber 1864
Koha Biblioitemnumber 1864
Holdings
Kalıcı Konum Mevcut Konum Edinme Tarihi Edinim Kaynak Toplam Check-Out'Lar Tam Çağrı Numarası Barkod Tarih Son Görülme İtibaren Geçerli Fiyatlar Koha Öğesi Türü
CHP Kütüphanesi CHP Kütüphanesi 08/29/2016 Bağış   327.1 O42 1974 001433 08/29/2016 08/29/2016 Books